[Event "European Youth Chess Championship B14"]
[Site "Prague, Top Hotel Prague"]
[Date "2012.08.25"]
[Round "9.9"]
[White "Suarez Gomez, Julio"]
[Black "Van Foreest, Jorden"]
[Result "0-1"]
[WhiteElo "2057"]
[BlackElo "2225"]
[PlyCount "0"]
[EventDate "2012.08.17"]

1. e4 {[%clk 1:30:57]} e5 {[%clk 1:31:19]} 2. Nf3 {[%clk 1:31:11]} Nc6
{[%clk 1:31:41]} 3. d4 {[%clk 1:31:27]} exd4 {[%clk 1:32:00]} 4. Bc4
{[%clk 1:31:43]} Bc5 {[%clk 1:31:53]} 5. c3 Nf6 6. cxd4 {[%clk 1:30:46]} Bb4+
{[%clk 1:32:15]} 7. Bd2 {[%clk 1:31:06]} Bxd2+ {[%clk 1:32:41]} 8. Nbxd2
{[%clk 1:31:25]} d5 {[%clk 1:33:21]} 9. exd5 {[%clk 1:31:30]} Nxd5
{[%clk 1:32:54]} 10. O-O {[%clk 1:26:48]} O-O {[%clk 1:15:38]} 11. Ne5
{[%clk 1:26:20]} Nxd4 12. Nb3 {[%clk 1:25:41]} Nxb3 {[%clk 1:10:08]} 13. Bxd5
Nxa1 {[%clk 1:04:18]} 14. Bxf7+ {[%clk 1:25:19]} Kh8 {[%clk 1:00:54]} 15. Qh5
{[%clk 1:20:38]} Bf5 {[%clk 0:54:18]} 16. Qxf5 {[%clk 1:07:48]} g6
{[%clk 0:52:03]} 17. Qh3 {[%clk 0:50:46]} Kg7 {[%clk 0:46:41]} 18. Rxa1
{[%clk 0:46:47]} Qf6 19. Qg3 Rxf7 {[%clk 0:45:58]} 20. Nxf7 {[%clk 0:47:10]} Qxf7
{[%clk 0:41:37]} 21. Re1 Rd8 {[%clk 0:41:53]} 22. Qc3+ {[%clk 0:39:37]} Kg8
{[%clk 0:36:57]} 23. g3 {[%clk 0:35:29]} c6 {[%clk 0:34:03]} 24. a3
{[%clk 0:32:11]} Rf8 {[%clk 0:32:45]} 25. Qe3 a6 {[%clk 0:30:59]} 26. Qd4
{[%clk 0:26:30]} Qf6 {[%clk 0:31:23]} 27. Qxf6 {[%clk 0:22:12]} Rxf6
{[%clk 0:31:42]} 28. Re8+ {[%clk 0:21:34]} Kg7 {[%clk 0:30:34]} 29. Kg2
{[%clk 0:17:49]} Rf7 {[%clk 0:29:02]} 30. h4 Rd7 {[%clk 0:28:35]} 31. Rb8
{[%clk 0:15:21]} Kf6 {[%clk 0:26:17]} 32. Rf8+ {[%clk 0:11:57]} Ke5 33. Re8+
{[%clk 0:12:17]} Kd4 {[%clk 0:25:06]} 34. Re3 {[%clk 0:08:08]} c5
{[%clk 0:24:16]} 35. g4 {[%clk 0:07:49]} b5 {[%clk 0:22:50]} 36. Kf3
{[%clk 0:07:57]} a5 {[%clk 0:22:08]} 37. Ke2 {[%clk 0:07:56]} c4 {[%clk 0:20:34]}
38. f3 b4 {[%clk 0:20:59]} 39. axb4 {[%clk 0:05:55]} axb4 {[%clk 0:51:23]} 40.
Re4+ {[%clk 0:34:39]} Kc5 {[%clk 0:49:12]} 41. Re5+ {[%clk 0:25:22]} Kc6 42. h5
{[%clk 0:25:00]} c3 {[%clk 0:45:05]} 43. bxc3 {[%clk 0:23:50]} b3 44. Kf2
{[%clk 0:24:13]} b2 {[%clk 0:41:31]} 45. Re1 {[%clk 0:24:14]} Kc5
{[%clk 0:41:32]} 46. hxg6 {[%clk 0:22:37]} hxg6 {[%clk 0:41:23]} 47. f4 Kc4
{[%clk 0:41:18]} 48. Kg3 {[%clk 0:21:54]} Kxc3 {[%clk 0:41:36]} 49. Kh4 Rd5 50.
f5 {[%clk 0:20:10]} gxf5 {[%clk 0:41:58]} 51. g5 {[%clk 0:20:21]} Rd4+
{[%clk 0:42:15]} 52. Kh5 {[%clk 0:20:43]} Rg4 {[%clk 0:42:42]} 53. Kg6 Rf4
{[%clk 0:29:33]} 54. Kf6 {[%clk 0:19:58]} Kc2 {[%clk 0:29:59]} 55. Re2+
{[%clk 0:19:13]} Kb3 {[%clk 0:30:26]} 56. Re1 {[%clk 0:18:55]} Ka2
{[%clk 0:30:46]} 57. g6 {[%clk 0:18:06]} b1=Q {[%clk 0:31:12]} 58. Rxb1
{[%clk 0:18:10]} Kxb1 {[%clk 0:31:32]} 59. Ke5 {[%clk 0:17:11]} Rf1 0-1

[Event "European Youth Chess Championship B14"]
[Site "Prague, Top Hotel Prague"]
[Date "2012.08.25"]
[Round "9.10"]
[White "Gajek, Radoslaw"]
[Black "Melnikov, Egor"]
[Result "1-0"]
[WhiteElo "2200"]
[BlackElo "2033"]
[PlyCount "0"]
[EventDate "2012.08.17"]

1. e4 {[%clk 1:30:59]} c5 {[%clk 1:30:55]} 2. Nf3 {[%clk 1:31:26]} Nc6
{[%clk 1:31:21]} 3. d4 {[%clk 1:31:53]} cxd4 {[%clk 1:31:44]} 4. Nxd4
{[%clk 1:32:20]} Nf6 {[%clk 1:31:58]} 5. Nc3 {[%clk 1:32:43]} d6 {[%clk 1:32:25]}
6. Bg5 {[%clk 1:33:06]} e6 {[%clk 1:32:49]} 7. Qd2 {[%clk 1:33:08]} a6
{[%clk 1:33:13]} 8. O-O-O {[%clk 1:32:44]} Bd7 {[%clk 1:33:30]} 9. f4
{[%clk 1:31:46]} b5 {[%clk 1:32:57]} 10. Bxf6 {[%clk 1:31:19]} gxf6
{[%clk 1:32:59]} 11. Nxc6 {[%clk 1:30:22]} Bxc6 {[%clk 1:32:09]} 12. f5
{[%clk 1:30:32]} Qb6 {[%clk 1:05:45]} 13. Kb1 {[%clk 1:26:05]} O-O-O
{[%clk 1:00:59]} 14. Bd3 {[%clk 1:22:22]} h5 {[%clk 0:58:55]} 15. Ne2
{[%clk 1:18:17]} Bh6 {[%clk 0:56:17]} 16. Qc3 {[%clk 1:17:05]} e5
{[%clk 0:52:59]} 17. Qb3 {[%clk 1:06:44]} Qb7 {[%clk 0:50:26]} 18. Nc3
{[%clk 0:57:48]} Be3 {[%clk 0:46:27]} 19. Rhe1 {[%clk 0:51:38]} Bd4
{[%clk 0:44:13]} 20. Nd5 {[%clk 0:44:20]} Bxd5 {[%clk 0:42:08]} 21. exd5
{[%clk 0:44:29]} Qb6 {[%clk 0:33:16]} 22. c3 {[%clk 0:41:22]} Bc5
{[%clk 0:23:52]} 23. a4 {[%clk 0:37:28]} bxa4 {[%clk 0:21:44]} 24. Qxa4
{[%clk 0:36:41]} a5 {[%clk 0:19:42]} 25. Re4 {[%clk 0:32:49]} Kc7
{[%clk 0:18:23]} 26. Kc2 {[%clk 0:22:13]} Rb8 {[%clk 0:17:42]} 27. b3
{[%clk 0:19:35]} Kd8 {[%clk 0:15:30]} 28. Bc4 {[%clk 0:17:31]} Ke7
{[%clk 0:15:10]} 29. Ra1 {[%clk 0:16:51]} Ra8 {[%clk 0:13:09]} 30. Qc6
{[%clk 0:13:07]} Rac8 {[%clk 0:10:31]} 31. Qa4 {[%clk 0:10:13]} Ra8
{[%clk 0:11:00]} 32. Be2 {[%clk 0:09:21]} Be3 {[%clk 0:04:25]} 33. Qb5
{[%clk 0:05:15]} Qxb5 {[%clk 0:02:54]} 34. Bxb5 {[%clk 0:05:41]} Bb6
{[%clk 0:03:00]} 35. g3 {[%clk 0:04:55]} h4 {[%clk 0:01:51]} 36. g4
{[%clk 0:04:19]} Ra7 {[%clk 0:01:20]} 37. h3 {[%clk 0:04:24]} Rb8
{[%clk 0:01:30]} 38. Rea4 {[%clk 0:04:16]} Rbb7 {[%clk 0:00:59]} 39. Bc6
{[%clk 0:04:24]} Rc7 {[%clk 0:01:28]} 40. Kd3 {[%clk 0:34:33]} Kd8
{[%clk 0:30:43]} 41. Kc4 {[%clk 0:33:59]} Rab7 {[%clk 0:16:38]} 42. b4
{[%clk 0:33:07]} Rb8 {[%clk 0:14:33]} 43. bxa5 {[%clk 0:32:49]} Bc5
{[%clk 0:14:32]} 44. a6 {[%clk 0:32:15]} Ba7 {[%clk 0:13:39]} 45. Kd3
{[%clk 0:25:07]} Rb2 {[%clk 0:11:44]} 46. R4a2 {[%clk 0:22:24]} Rxa2
{[%clk 0:09:41]} 47. Rxa2 {[%clk 0:22:48]} Rc8 {[%clk 0:09:09]} 48. Rb2
{[%clk 0:22:49]} Rb8 {[%clk 0:09:00]} 49. Bb7 {[%clk 0:21:54]} Kc7
{[%clk 0:09:04]} 50. Rb5 {[%clk 0:17:31]} Re8 {[%clk 0:08:10]} 51. Ke4
{[%clk 0:17:18]} Rg8 {[%clk 0:06:35]} 52. c4 {[%clk 0:15:55]} Rh8
{[%clk 0:05:27]} 53. Bc6 {[%clk 0:14:02]} Rb8 {[%clk 0:05:49]} 54. Be8
{[%clk 0:09:17]} Rxb5 {[%clk 0:04:48]} 55. cxb5 {[%clk 0:09:11]} Kd8
{[%clk 0:04:44]} 56. Bxf7 Ke7 57. Be6 {[%clk 0:09:21]} Bc5 {[%clk 0:05:08]} 58.
Kd3 {[%clk 0:08:52]} Bb6 {[%clk 0:04:02]} 59. Ke4 {[%clk 0:04:22]} Bc5
{[%clk 0:04:31]} 60. b6 {[%clk 0:01:41]} Bxb6 {[%clk 0:05:00]} 61. Bc8
{[%clk 0:01:55]} Kf7 {[%clk 0:04:50]} 62. Bd7 {[%clk 0:02:02]} Kg7
{[%clk 0:02:31]} 63. Ba4 {[%clk 0:02:14]} Kf7 {[%clk 0:01:38]} 64. Kd3
{[%clk 0:02:04]} Ke7 {[%clk 0:02:04]} 65. Kc4 {[%clk 0:01:12]} Ba7
{[%clk 0:01:47]} 66. Kb5 {[%clk 0:00:53]} Kd7 {[%clk 0:01:48]} 67. Kc4+
{[%clk 0:01:05]} Kc7 {[%clk 0:01:16]} 68. g5 {[%clk 0:00:34]} fxg5
{[%clk 0:01:45]} 69. f6 {[%clk 0:01:00]} Kd8 {[%clk 0:02:14]} 70. Bd1
{[%clk 0:00:58]} g4 {[%clk 0:00:49]} 71. Bxg4 {[%clk 0:01:16]} Be3
{[%clk 0:01:16]} 72. Kb5 {[%clk 0:01:21]} Kc7 {[%clk 0:01:23]} 73. a7
{[%clk 0:00:47]} Kb7 {[%clk 0:01:48]} 74. f7 {[%clk 0:01:08]} Bh6
{[%clk 0:02:14]} 75. a8=Q+ Kxa8 76. Kc6 {[%clk 0:01:11]} Bf8 {[%clk 0:03:02]} 77.
Kd7 {[%clk 0:01:26]} Kb7 {[%clk 0:03:08]} 78. Ke8 {[%clk 0:01:50]} Bg7
{[%clk 0:03:36]} 79. f8=Q {[%clk 0:02:07]} Bxf8 {[%clk 0:04:05]} 80. Kxf8
{[%clk 0:02:29]} Kb6 {[%clk 0:04:30]} 81. Ke7 {[%clk 0:02:56]} Kc5
{[%clk 0:04:52]} 82. Ke6 {[%clk 0:03:21]} e4 {[%clk 0:05:18]} 83. Bh5
{[%clk 0:03:39]} e3 {[%clk 0:05:43]} 84. Bg4 {[%clk 0:04:04]} Kd4
{[%clk 0:06:11]} 85. Kxd6 {[%clk 0:04:29]} Kd3 {[%clk 0:06:38]} 86. Ke5
{[%clk 0:04:51]} e2 {[%clk 0:07:05]} 87. Bxe2+ {[%clk 0:05:17]} Kxe2
{[%clk 0:07:34]} 88. d6 {[%clk 0:05:41]} Kf3 {[%clk 0:07:59]} 89. d7
{[%clk 0:06:06]} Kg3 {[%clk 0:08:27]} 90. d8=Q {[%clk 0:06:31]} Kxh3
{[%clk 0:08:54]} 91. Kf4 {[%clk 0:06:55]} Kg2 {[%clk 0:09:19]} 92. Qxh4
{[%clk 0:07:21]} Kf1 {[%clk 0:09:43]} 93. Qh2 {[%clk 0:07:47]} Ke1
{[%clk 0:10:10]} 94. Ke3 {[%clk 0:08:13]} Kd1 {[%clk 0:10:34]} 95. Qd2#
{[%clk 0:08:41]} 1-0

[Event "European Youth Chess Championship B14"]
[Site "Prague, Top Hotel Prague"]
[Date "2012.08.25"]
[Round "9.11"]
[White "Stremavicius, Titas"]
[Black "Winiarski, Mikolaj"]
[Result "1-0"]
[WhiteElo "2195"]
[BlackElo "2031"]
[PlyCount "99"]
[EventDate "2012.08.17"]

1. d4 Nf6 2. c4 g6 3. Nc3 Bg7 4. e4 d6 5. f3 O-O 6. Be3 Nc6 7. Nge2 a6 8. Qd2
Rb8 9. Rb1 b5 10. cxb5 axb5 11. b4 Bd7 12. d5 Ne5 13. Nd4 Qe8 14. h3 Nh5 15.
Bf2 f5 16. f4 Nc4 17. Bxc4 bxc4 18. exf5 Bxf5 19. Nxf5 Rxf5 20. g4 Rxf4 21.
gxh5 Qf7 22. Be3 Qf5 23. Rc1 Rf3 24. Nd1 Rf8 25. Qe2 c3 26. hxg6 Qxg6 27. Rg1
Rg3 28. Rxg3 Qxg3+ 29. Bf2 Qf4 30. Qe3 Qxb4 31. Nxc3 Rxf2 32. Qxf2 Bxc3+ 33.
Kf1 Bf6 34. Rxc7 Qb5+ 35. Qe2 Qxd5 36. Qg2+ Qxg2+ 37. Kxg2 Kf7 38. a4 Ke8 39.
a5 Kd8 40. Rc4 d5 41. a6 dxc4 42. a7 h6 43. a8=Q+ Kc7 44. Qf8 h5 45. Qf7 h4 46.
Qxc4+ Kd6 47. Kf3 e6 48. Ke4 Ke7 49. Qc7+ Kf8 50. Qd7 1-0

[Event "European Youth Chess Championship B14"]
[Site "Prague, Top Hotel Prague"]
[Date "2012.08.25"]
[Round "9.12"]
[White "Snihur, Piotr"]
[Black "Shtembuliak, Evgeny"]
[Result "0-1"]
[WhiteElo "2038"]
[BlackElo "2153"]
[PlyCount "62"]
[EventDate "2012.08.17"]

1. e4 e6 2. d4 d5 3. e5 c5 4. c3 Nc6 5. Nf3 Bd7 6. a3 f6 7. Bd3 fxe5 8. dxe5
Qc7 9. O-O O-O-O 10. Re1 Nh6 11. c4 d4 12. Bg5 Re8 13. Nbd2 Nf7 14. Bf4 Be7 15.
Ne4 Ref8 16. Bg3 g5 17. Nf6 h5 18. h3 Qd8 19. b4 g4 20. hxg4 hxg4 21. Nxg4 Rfg8
22. Nf6 Bxf6 23. exf6 Qxf6 24. b5 Qh6 25. Kf1 Ng5 26. Nxg5 Qxg5 27. bxc6 Bxc6
28. Qc1 Qg4 29. Kg1 Rh1+ 30. Kxh1 Qh3+ 31. Kg1 Qxg2# 0-1

[Event "European Youth Chess Championship B14"]
[Site "Prague, Top Hotel Prague"]
[Date "2012.08.25"]
[Round "9.13"]
[White "Bellahcene, Bilel"]
[Black "Dvorak, Adam"]
[Result "1/2-1/2"]
[WhiteElo "2390"]
[BlackElo "2008"]
[PlyCount "64"]
[EventDate "2012.08.17"]

1. e4 c5 2. Nf3 e6 3. d4 cxd4 4. Nxd4 a6 5. Bd3 Bc5 6. Nb3 Ba7 7. Qe2 Nc6 8.
Be3 d6 9. N1d2 Nge7 10. f4 b5 11. a4 bxa4 12. Rxa4 a5 13. O-O O-O 14. Rfa1 d5
15. Kh1 dxe4 16. Bxe4 Ba6 17. c4 Bxe3 18. Qxe3 Rb8 19. Qc3 Qb6 20. Nxa5 Nxa5
21. Rxa5 Qxb2 22. Qd3 Rfd8 23. Qf3 f5 24. Rxa6 fxe4 25. Qxe4 Rxd2 26. Qxe6+ Kf8
27. Rg1 Rxg2 28. Rxg2 Qb1+ 29. Rg1 Qb7+ 30. Rg2 Qb1+ 31. Rg1 Qb7+ 32. Rg2 Qb1+
1/2-1/2

[Event "European Youth Chess Championship B14"]
[Site "Prague, Top Hotel Prague"]
[Date "2012.08.25"]
[Round "9.14"]
[White "Percivaldi, Martin"]
[Black "Dolana, Andrei-Theodor"]
[Result "1/2-1/2"]
[WhiteElo "2024"]
[BlackElo "2136"]
[PlyCount "79"]
[EventDate "2012.08.17"]

1. d4 d5 2. c4 e6 3. Nf3 Nf6 4. e3 Be7 5. b3 O-O 6. Bb2 b6 7. Bd3 c5 8. O-O
cxd4 9. exd4 Bb7 10. Nbd2 Nc6 11. Rc1 Rc8 12. Re1 Qd6 13. Bb1 Rfd8 14. Qe2 Qf4
15. Qe3 Qxe3 16. fxe3 Ba6 17. h3 Na5 18. Bd3 Rc7 19. Bf1 Rdc8 20. cxd5 Bxf1 21.
Kxf1 Nxd5 22. Rxc7 Rxc7 23. Ke2 Kf8 24. Rb1 Ke8 25. Ne1 Bg5 26. Nf1 Nb4 27. Ra1
Nc2 28. Rd1 g6 29. Kd2 Nxe1 30. Rxe1 Kd7 31. Rc1 Rxc1 32. Bxc1 Nc6 33. Kc3 Ne7
34. Bd2 Nf5 35. Kd3 Bf6 36. Bc3 Nh4 37. g3 Nf5 38. e4 Ng7 39. g4 Ne8 40. Bd2
1/2-1/2

[Event "European Youth Chess Championship B14"]
[Site "Prague, Top Hotel Prague"]
[Date "2012.08.25"]
[Round "9.15"]
[White "Pulpan, Jakub"]
[Black "Puskar, Peter"]
[Result "1-0"]
[WhiteElo "2087"]
[BlackElo "1998"]
[PlyCount "99"]
[EventDate "2012.08.17"]

1. e4 c5 2. Nf3 d6 3. d4 cxd4 4. Nxd4 Nf6 5. Nc3 a6 6. Bg5 e6 7. f4 Be7 8. Qf3
Qc7 9. O-O-O Nbd7 10. g4 h6 11. Bxf6 Bxf6 12. h4 g5 13. hxg5 hxg5 14. Rxh8+
Bxh8 15. f5 Ne5 16. Qh3 Bf6 17. Qh5 Nc6 18. Nxe6 Bxe6 19. fxe6 Bxc3 20. bxc3
O-O-O 21. Qxf7 Qxf7 22. exf7 Kd7 23. Bc4 Ne5 24. Bd5 b6 25. Rf1 Ke7 26. Rf5
Nxg4 27. Rxg5 Ne5 28. Rg8 Rf8 29. Kd2 Nxf7 30. Rxf8 Kxf8 31. Bxf7 Kxf7 32. Kd3
Kf6 33. a4 Ke7 34. Kc4 Ke6 35. Kd4 Ke7 36. Kd5 Kd7 37. c4 Kc7 38. c5 dxc5 39.
c4 Kd7 40. e5 Ke7 41. e6 b5 42. cxb5 axb5 43. axb5 c4 44. Kxc4 Kxe6 45. Kc5 Kd7
46. Kb6 Kc8 47. Ka7 Kc7 48. b6+ Kc6 49. b7 Kc7 50. b8=Q+ 1-0

[Event "European Youth Chess Championship B14"]
[Site "Prague, Top Hotel Prague"]
[Date "2012.08.25"]
[Round "9.16"]
[White "Ptacek, Tomas"]
[Black "Rudakov, Aleksandr"]
[Result "1-0"]
[WhiteElo "2019"]
[BlackElo "2086"]
[PlyCount "121"]
[EventDate "2012.08.17"]

1. d4 Nf6 2. Nf3 c5 3. e3 g6 4. c3 Bg7 5. dxc5 Qc7 6. b4 a5 7. Bb2 Nc6 8. a3
O-O 9. Nbd2 Nd5 10. Qb3 e6 11. Be2 f5 12. O-O h6 13. Nd4 Ne5 14. Nb5 Qd8 15. c4
Nc7 16. Nd6 Na6 17. Nf3 Nf7 18. Bxg7 Kxg7 19. Qc3+ Qf6 20. Qxf6+ Kxf6 21. Nd4
Nxd6 22. cxd6 e5 23. Nb5 b6 24. Nc3 Bb7 25. Na4 axb4 26. Nxb6 Rad8 27. axb4
Nxb4 28. Rfb1 Na6 29. Ra5 Nb8 30. Ra7 Bc6 31. c5 e4 32. Bb5 Ke6 33. Bc4+ Ke5
34. Bb5 Ke6 35. Bc4+ Ke5 36. Kf1 g5 37. Ke1 f4 38. Rb2 h5 39. Ra3 f3 40. g3 g4
41. Kd2 h4 42. Ra1 Rh8 43. Kc3 hxg3 44. hxg3 Rh5 45. Rd2 Rh2 46. Nd5 Rf8 47.
Nf4 Kf6 48. Kd4 Re8 49. Nd5+ Bxd5 50. Bxd5 Rh5 51. Bxe4 Ree5 52. Ra5 Ke6 53.
Rb2 Rxe4+ 54. Kxe4 Nc6 55. Ra8 Rxc5 56. Ra4 Kxd6 57. Kf4 Ne5 58. Ra1 Ke7 59.
Rd2 Rb5 60. Rd4 Kd8 61. Rd6 1-0

[Event "European Youth Chess Championship B14"]
[Site "Prague, Top Hotel Prague"]
[Date "2012.08.25"]
[Round "9.17"]
[White "Aleksanyan, Gor"]
[Black "Tokranovs, Dmitrijs"]
[Result "1-0"]
[WhiteElo "1907"]
[BlackElo "2060"]
[PlyCount "88"]
[EventDate "2012.08.17"]

1. e4 e6 2. d4 d5 3. Nd2 Nf6 4. e5 Nfd7 5. Bd3 c5 6. c3 Nc6 7. Ne2 Qb6 8. Nf3
Be7 9. O-O cxd4 10. cxd4 O-O 11. Nc3 f6 12. exf6 Nxf6 13. a3 Bd6 14. b4 e5 15.
dxe5 Nxe5 16. Be2 Nxf3+ 17. Bxf3 Bxh2+ 18. Kxh2 Qc7+ 19. Kg1 Qxc3 20. Bxd5+ Kh8
21. Bd2 Qe5 22. Bf3 Bf5 23. Bxb7 Rad8 24. Qc1 Be4 25. Bc3 Qf5 26. Bxf6 Rxf6 27.
Bxe4 Qxe4 28. Qc7 Rdf8 29. Rae1 Qg4 30. Re3 Qd4 31. Qe5 Qd7 32. Rg3 h6 33. Rc1
Rf5 34. Qe3 Rxf2 35. Rc5 Rf1+ 36. Kh2 Qd1 37. Rg6 Rh1+ 38. Kg3 Qd8 39. Qe4 Re8
40. Qc4 Re3+ 41. Kf4 Qd2 42. Rc8+ Re8+ 43. Kf3 Qe3+ 44. Kg4 h5+ 1-0

[Event "European Youth Chess Championship B14"]
[Site "Prague, Top Hotel Prague"]
[Date "2012.08.25"]
[Round "9.18"]
[White "Garriga Cazorla, Pere"]
[Black "Miknevicius, Laurynas"]
[Result "0-1"]
[WhiteElo "2043"]
[BlackElo "1830"]
[PlyCount "82"]
[EventDate "2012.08.17"]

1. d4 d5 2. Nf3 Nf6 3. c4 dxc4 4. e3 e6 5. Bxc4 c5 6. O-O a6 7. Bb3 Nc6 8. Nc3
cxd4 9. exd4 Be7 10. Bg5 O-O 11. Qd2 b5 12. Rfe1 Bb7 13. Qf4 Nb4 14. Rad1 Nbd5
15. Qh4 Nxc3 16. bxc3 Bxf3 17. gxf3 Nd5 18. Bc2 g6 19. f4 Rc8 20. Rd3 Bxg5 21.
fxg5 Rxc3 22. Rxc3 Nxc3 23. Re3 Nd5 24. Rh3 h5 25. gxh6 Qxh4 26. Rxh4 a5 27.
Kf1 b4 28. Rh3 Rc8 29. Bb3 Nc3 30. Ke1 Rd8 31. Rd3 Kh7 32. Kd2 Kxh6 33. Rh3+
Kg7 34. Rd3 Kf6 35. Rf3+ Ke7 36. Kd3 f6 37. Rh3 Kd6 38. Rh6 a4 39. Bc4 Rc8 40.
Rh7 Nd1 41. Rh6 Nxf2+ 0-1

[Event "European Youth Chess Championship B14"]
[Site "Prague, Top Hotel Prague"]
[Date "2012.08.25"]
[Round "9.19"]
[White "Havelka, Josef"]
[Black "Vetrov, Gleb"]
[Result "0-1"]
[WhiteElo "1856"]
[BlackElo "2043"]
[PlyCount "70"]
[EventDate "2012.08.17"]

1. e4 c6 2. d4 d5 3. e5 Bf5 4. Nc3 Qb6 5. g4 Bd7 6. f4 e6 7. Nge2 c5 8. Be3
cxd4 9. Bxd4 Qd8 10. Qd3 Nc6 11. O-O-O Nge7 12. Bh3 h5 13. gxh5 Rxh5 14. Bg4
Rh4 15. Qg3 Rxg4 16. Qxg4 Nf5 17. Bf2 Qa5 18. Ng3 Nb4 19. Nxf5 exf5 20. Qg3 Rc8
21. a3 Rxc3 22. bxc3 Qxa3+ 23. Kd2 Nxc2 24. Rc1 Na1 25. Ke2 d4 26. Qd3 Nb3 27.
Rcd1 Qb2+ 28. Kf1 Qxc3 29. Bxd4 Qxd3+ 30. Rxd3 Bb5 31. Kf2 Bxd3 32. Bxa7 b5 33.
Ke3 Bc2 34. Re1 Ba3 35. Re2 Be4 0-1

[Event "European Youth Chess Championship B14"]
[Site "Prague, Top Hotel Prague"]
[Date "2012.08.25"]
[Round "9.20"]
[White "Kovalev, Egor"]
[Black "Popov, Andrey"]
[Result "1/2-1/2"]
[WhiteElo "1992"]
[BlackElo "2130"]
[PlyCount "53"]
[EventDate "2012.08.17"]

1. Nf3 e6 2. g3 d5 3. Bg2 Nf6 4. O-O c5 5. d4 Bd6 6. c4 O-O 7. cxd5 exd5 8. Nc3
h6 9. dxc5 Bxc5 10. Bf4 a6 11. Rc1 Ba7 12. Be5 Nc6 13. Bxf6 Qxf6 14. Qxd5 Be6
15. Qh5 Rad8 16. Rfd1 Rxd1+ 17. Rxd1 Rd8 18. Rxd8+ Qxd8 19. Bh3 Qb6 20. e3 Qxb2
21. Bxe6 fxe6 22. Ne5 Qxc3 23. Qf7+ Kh7 24. Qg6+ Kg8 25. Qf7+ Kh7 26. Qg6+ Kg8
27. Qf7+ 1/2-1/2

[Event "European Youth Chess Championship B14"]
[Site "Prague, Top Hotel Prague"]
[Date "2012.08.25"]
[Round "9.21"]
[White "Kudelya, Igor"]
[Black "Musiienko, Danylo"]
[Result "1-0"]
[WhiteElo "2120"]
[BlackElo "2004"]
[PlyCount "83"]
[EventDate "2012.08.17"]

1. e4 c5 2. Nf3 Nc6 3. d4 cxd4 4. Nxd4 g6 5. c4 Nf6 6. Nc3 Nxd4 7. Qxd4 d6 8.
f3 Bg7 9. Be3 O-O 10. Qd2 a5 11. b3 Bd7 12. Rc1 a4 13. b4 Be6 14. Be2 Nd7 15.
O-O Nb6 16. Nb5 Rc8 17. Na3 Rc6 18. Rfd1 Nd7 19. Rc2 Qa8 20. f4 Rfc8 21. Rdc1
f5 22. Bf3 R6c7 23. Qe2 fxe4 24. Bxe4 Nf6 25. Bd3 Ng4 26. Bb6 Bd7 27. Kh1 Rc6
28. Bg1 Re8 29. Be4 Rcc8 30. Qf3 Rb8 31. Nb5 Bxb5 32. cxb5 Nf6 33. Rc7 Nxe4 34.
Qxe4 b6 35. R1c6 Kf8 36. Qe6 Rb7 37. Bxb6 Rxc7 38. Bxc7 Qb7 39. Bb6 Bc3 40. Qc4
Bf6 41. Bg1 Rb8 42. b6 1-0

[Event "European Youth Chess Championship B14"]
[Site "Prague, Top Hotel Prague"]
[Date "2012.08.25"]
[Round "9.22"]
[White "Mamedov, Elmin"]
[Black "Petr, Jan"]
[Result "1-0"]
[WhiteElo "2105"]
[BlackElo "2001"]
[PlyCount "83"]
[EventDate "2012.08.17"]

1. e4 c5 2. Nf3 e6 3. d3 Nc6 4. g3 g6 5. Bg2 Bg7 6. O-O Nge7 7. c3 O-O 8. Be3
d6 9. d4 b6 10. Na3 cxd4 11. Nxd4 Qd7 12. Qd2 Bb7 13. Ndb5 d5 14. exd5 exd5 15.
Rad1 Rad8 16. Bf4 d4 17. Bc7 Rc8 18. cxd4 Nf5 19. Be5 a6 20. Bxg7 Kxg7 21. d5
axb5 22. dxc6 Qxd2 23. Rxd2 Bxc6 24. Bxc6 Rxc6 25. Nxb5 Rfc8 26. Re1 Rc2 27.
Ree2 Rxd2 28. Rxd2 Kf6 29. Kg2 Ke5 30. g4 Ng7 31. Nd6 Rc7 32. b3 Kf4 33. Nc4
Kxg4 34. Nxb6 Ne6 35. Nd5 Rc8 36. a4 h5 37. a5 h4 38. h3+ Kg5 39. a6 Ra8 40.
Ra2 Ra7 41. b4 Nd4 42. Nc3 1-0

[Event "European Youth Chess Championship B14"]
[Site "Prague, Top Hotel Prague"]
[Date "2012.08.25"]
[Round "9.23"]
[White "Pak, Alexander"]
[Black "Abramciuc, Marius"]
[Result "1-0"]
[WhiteElo "2104"]
[BlackElo "1990"]
[PlyCount "117"]
[EventDate "2012.08.17"]

1. e4 e5 2. Nf3 Nc6 3. Bb5 a6 4. Ba4 Nf6 5. O-O Be7 6. Re1 b5 7. Bb3 O-O 8. a4
b4 9. d3 d6 10. Nbd2 Na5 11. Ba2 Be6 12. Nc4 Nxc4 13. Bxc4 a5 14. Bxe6 fxe6 15.
c3 bxc3 16. bxc3 Nd7 17. Ba3 Qe8 18. d4 Qh5 19. Nxe5 Qxd1 20. Raxd1 dxe5 21.
Bxe7 Rfe8 22. Bh4 Nb6 23. Ra1 Nc4 24. dxe5 Reb8 25. Reb1 Rxb1+ 26. Rxb1 Nd2 27.
Rb7 Nxe4 28. Rxc7 Rb8 29. g4 Rb3 30. Ra7 Nxc3 31. Rxa5 Ne2+ 32. Kf1 Nf4 33. Rb5
Ra3 34. Rb1 Rxa4 35. Bg3 Nd5 36. h3 g5 37. Rb7 Rc4 38. Ke2 Ra4 39. Kd3 Kh8 40.
Rb8+ Kg7 41. Rc8 Ra3+ 42. Kd4 Ra1 43. Rb8 Rc1 44. Rb7+ Kg8 45. Ra7 Rc2 46. Ra4
Kf7 47. Rc4 Rxc4+ 48. Kxc4 h6 49. f3 Kg6 50. Kc5 Ne3 51. Bf2 Ng2 52. Bg3 Ne3
53. Kd6 Kf7 54. f4 Nf1 55. f5 Nxg3 56. Kd7 Ne4 57. fxe6+ Kg7 58. e7 Nc5+ 59.
Kc6 1-0

[Event "European Youth Chess Championship B14"]
[Site "Prague, Top Hotel Prague"]
[Date "2012.08.25"]
[Round "9.24"]
[White "Striechman, Orri"]
[Black "Christiansen, Johan-Sebastian"]
[Result "1-0"]
[WhiteElo "1969"]
[BlackElo "2073"]
[PlyCount "87"]
[EventDate "2012.08.17"]

1. e4 c5 2. Nf3 d6 3. d4 cxd4 4. Nxd4 Nf6 5. Nc3 g6 6. Be3 Bg7 7. f3 O-O 8. Qd2
Nc6 9. Bc4 Bd7 10. O-O-O Rc8 11. Bb3 Nxd4 12. Bxd4 b5 13. h4 a5 14. e5 dxe5 15.
Bxe5 e6 16. a3 Qb6 17. Bxf6 Bxf6 18. Ne4 Be5 19. Qxd7 a4 20. Ba2 b4 21. Qxa4
bxa3 22. b3 f5 23. Rhe1 Qc7 24. Qc4 Qxc4 25. bxc4 fxe4 26. Rxe4 Bf4+ 27. Kb1
Rc5 28. Rd3 Rh5 29. Rxa3 Rxh4 30. Ra6 Rb8+ 31. Bb3 e5 32. c5+ Kg7 33. c6 Rh1+
34. Kb2 Bc1+ 35. Kc3 Rd1 36. Ra7+ Kf6 37. Rf7+ Kg5 38. c7 Ra8 39. Rxe5+ Kh6 40.
Rd5 Re1 41. Rd8 Re8 42. Rxa8 Rxa8 43. Be6 Ra3+ 44. Kb4 1-0

[Event "European Youth Chess Championship B14"]
[Site "Prague, Top Hotel Prague"]
[Date "2012.08.25"]
[Round "9.25"]
[White "Voloshin, Pavel"]
[Black "Markoja, Boris"]
[Result "0-1"]
[WhiteElo "1922"]
[BlackElo "2070"]
[PlyCount "116"]
[EventDate "2012.08.17"]

1. e4 e5 2. Nf3 Nc6 3. d4 exd4 4. Nxd4 Bc5 5. Nxc6 Qf6 6. Qf3 bxc6 7. Nc3 d6 8.
Bc4 Qxf3 9. gxf3 Ne7 10. Be3 Bb6 11. O-O-O O-O 12. Rhg1 Kh8 13. Na4 Be6 14. Bb3
Ng6 15. Nxb6 axb6 16. Bg5 Bxb3 17. axb3 f5 18. Be3 Ne5 19. Bd4 Ra1+ 20. Kd2
Nxf3+ 21. Ke3 Nxd4 22. Kxd4 Rxd1+ 23. Rxd1 fxe4 24. Kxe4 Rxf2 25. Ra1 g6 26.
Ra7 Rxc2 27. Rxc7 Rxb2 28. Rxc6 Rxb3 29. Rxd6 Rb2 30. Kf4 Rxh2 31. Rxb6 Rg2 32.
Kf3 Rg1 33. Rb7 Kg8 34. Kf4 Rf1+ 35. Kg4 Rf7 36. Rb6 Kg7 37. Rb5 Ra7 38. Rb6
h5+ 39. Kg5 Ra5+ 40. Kh4 Ra4+ 41. Kh3 Kh6 42. Rc6 h4 43. Rb6 Kh5 44. Rb5+ g5
45. Rb3 g4+ 46. Kh2 Ra2+ 47. Kh1 h3 48. Rb5+ Kh4 49. Rb4 Rf2 50. Kg1 Rg2+ 51.
Kh1 Re2 52. Kg1 Kg3 53. Rb3+ Kf4 54. Rb4+ Kf3 55. Rb1 g3 56. Kh1 Re3 57. Ra1
g2+ 58. Kh2 Kf2 0-1